000 00391nam a2200145Ia 4500
008 220203s9999 xx 000 0 und d
100 _aMercy Jose
245 0 _aRubber Board Publications: A Catalogue
260 _bRubber Research Institute of India
_aKottayam
_c2011
700 _aA.S. Ajitha
700 _aAccamma C. Korah
700 _aN. Latha
700 _aV.R. Sujatha
942 _cPN
999 _c45026
_d45026